|
|
|
|
| LEADER |
00000nam a22000007a 4500 |
| 005 |
20130426092606.0 |
| 007 |
cr|||| |||| |
| 008 |
130426e2013 mx |||||s|||| 00||0 spa d |
| 020 |
|
|
|a 978-368-726-765-2
|
| 035 |
|
|
|a 11043
|
| 040 |
|
|
|a vLex
|
| 090 |
|
|
|c 4185
|d 4185
|
| 245 |
0 |
0 |
|a Aspectos administrativos, contables y fiscales de la Ley anti-lavado de dinero
|h [Recurso electrn̤ico]
|
| 256 |
|
|
|a Servicio en ln̕ea
|
| 260 |
|
|
|a Mx̌ico D.F. :
|b Ediciones Fiscales ISEF,
|c 2013
|
| 300 |
|
|
|a 1 Recurso electrn̤ico
|
| 506 |
|
|
|d vLex Global
|d vLex Global (Academic Edition, excluding Law Schools)
|d vLex Global (U.S. Academic Edition, Law Schools)
|d vLex Global (U.S. Academic Edition, excluding Law Schools)
|d vLex Global (Academic Edition, Law Schools)
|
| 650 |
0 |
4 |
|a Derecho tributario
|z Mx̌ico
|
| 650 |
0 |
4 |
|a Fraude fiscal
|z Mx̌ico
|
| 740 |
|
|
|a vLex Libros (Servicio en ln̕ea)
|
| 856 |
|
|
|a Acceso restringido
|u http://www.vlex.com/source/11043
|
| 942 |
|
|
|c BOOK
|
| 999 |
|
0 |
|a Taxation
|